|
|
|
|
| LEADER |
01140nam a2200289 i 4500 |
| 001 |
c000143436 |
| 003 |
CARM |
| 005 |
00000000000000.0 |
| 008 |
751209s1974 ilua 00010 eng |
| 019 |
1 |
|
|a 725406
|z 53814673
|5 LACONCORD2021
|
| 020 |
|
|
|a 0226450163
|
| 035 |
|
|
|a (OCoLC)1930668
|5 LACONCORD2021
|
| 041 |
1 |
|
|a engrus
|
| 050 |
0 |
0 |
|a QA447
|b .K5413
|
| 100 |
1 |
|
|a Kogan, B. IU.
|q (Boris IUrevich)
|
| 240 |
1 |
0 |
|a Prilozhenie mekhaniki k geometrii.
|l English
|
| 245 |
1 |
4 |
|a The application of mechanics to geometry /
|c B. Yu. Kogan ; translated and adapted from the Russian by David J. Sookne and Robert A. Hummel.
|
| 260 |
|
|
|a Chicago :
|b University of Chicago Press,
|c 1974.
|
| 300 |
|
|
|a vi, 57 p. :
|b ill. ;
|c 23 cm.
|
| 490 |
0 |
|
|a Popular lectures in mathematics
|
| 500 |
|
|
|a Translation of Prilozhenie mekhaniki k geometrii.
|
| 650 |
|
0 |
|a Geometry.
|
| 650 |
|
0 |
|a Mechanics.
|
| 852 |
8 |
|
|b CARM
|h A2:AD16A0
|i B00537
|p 0026258
|f BK
|
| 082 |
0 |
4 |
|a 516/.1
|
| 999 |
f |
f |
|i d7beb247-2915-5579-9fb4-77688b2059ed
|s 067a6199-5f5c-5997-a8db-4c6d6fcdd14b
|
| 952 |
f |
f |
|p Can circulate
|a CAVAL
|b CAVAL
|c CAVAL
|d CARM 1 Store
|e B00537
|f A2:AD16A0
|h Other scheme
|i book
|m 0026258
|